00623nam a2200181Ia 4500952014000000999001700140003000400157005001700161008004100178020001500219040000900234082001700243100003100260245005900291260004200350300000900392942004000401 00102ddc40708PHILOSOPHYaMESbMEScPHILOSOPHYd2019-02-20g425.00l0o181.4 PRA/Sp30195r2019-02-20 00:00:00w2019-02-20yBKzU3R3 c21078d21078OSt20200612124242.0190216s9999||||xx |||||||||||||| ||und|| a8177557467 coclc a181.4bPRA/S aPrabhavananda, Swami92839 4aThe Spiritual Heritage Of India /cSwami Prabhavananda bCosmos Publishers,aNew Delhi:c2003. a361p cBK2ddch181.4iPRA/Sk181.4mPRA/S